[Event "Championnat de Paris"]
[Site "Paris"]
[Date "????.??.??"]
[Round "8.21"]
[White "Colson, Arnaud"]
[Black "Badev, Kiril"]
[Result "0-1"]
[WhiteElo "2211"]
[BlackElo "2340"]
[PlyCount "80"]

1. e4 c5 2. Nf3 Nc6 3. d4 cxd4 4. Nxd4 g6 5. c4 Bg7 6. Be3 Nh6 7. Nc3 O-O 8.
Be2 d6 9. Qd2 Ng4 10. Bxg4 Bxg4 11. f3 Bd7 12. O-O a6 13. Rac1 Ne5 14. b3 f5
15. Rfd1 fxe4 16. Nxe4 Qe8 17. Kh1 Rd8 18. Re1 Nf7 19. Rcd1 b5 20. cxb5 axb5
21. Nc3 e5 22. Nc2 h5 23. Nb4 Kh7 24. Nbd5 Bc6 25. Ne4 Qe6 26. Ng5+ Nxg5 27.
Bxg5 Rd7 28. h4 Rf5 29. Kh2 Bf8 30. Qd3 Rdf7 31. Re3 Rd7 32. Nf4 Qf7 33. Nxh5
gxh5 34. g4 hxg4 35. fxg4 e4 36. Rxe4 Rf2+ 37. Kg3 Bxe4 38. Qxe4+ Kg8 39. Rd5
Bg7 40. Be3 Re7 0-1

[Event "Championnat de Paris"]
[Site "Paris"]
[Date "????.??.??"]
[Round "8.22"]
[White "Manouck, Thierry"]
[Black "Touboulic, Julien"]
[Result "1/2-1/2"]
[WhiteElo "2337"]
[BlackElo "2244"]
[PlyCount "70"]

1. c4 e5 2. g3 Nf6 3. Bg2 h6 4. Nc3 Bb4 5. e4 Bxc3 6. dxc3 d6 7. Qc2 Be6 8. b3
a5 9. Nf3 a4 10. Rb1 Na6 11. O-O Qc8 12. Re1 Nc5 13. Nd2 Bh3 14. Nf1 Bxg2 15.
Kxg2 O-O 16. f3 axb3 17. axb3 Nh7 18. g4 Ra6 19. Ng3 Qd7 20. Rd1 Rfa8 21. Rb2
Nf8 22. Nf5 Ng6 23. b4 Ne6 24. c5 Ngf4+ 25. Bxf4 Nxf4+ 26. Kg3 Ra1 27. cxd6
cxd6 28. c4 R8a3 29. Rxa1 Rxa1 30. Rb1 Rxb1 31. Qxb1 Qc7 32. Qa2 Qb6 33. c5
Qxb4 34. cxd6 Qe1+ 35. Qf2 Ne2+ 1/2-1/2

[Event "Championnat de Paris"]
[Site "Paris"]
[Date "????.??.??"]
[Round "8.23"]
[White "Blazkova, Petra"]
[Black "Camus De Solliers, Guillaume"]
[Result "1-0"]
[WhiteElo "2173"]
[BlackElo "2307"]
[PlyCount "123"]

1. e4 e6 2. d4 d5 3. Nc3 Bb4 4. e5 c5 5. Qg4 Ne7 6. dxc5 Nbc6 7. Bd2 O-O 8.
O-O-O Bxc5 9. Nf3 f5 10. exf6 Rxf6 11. Bg5 Rf7 12. Bd3 Qf8 13. Bxe7 Bxe7 14. h4
g6 15. h5 Qh6+ 16. Kb1 g5 17. Qg3 Bd7 18. Nh2 Qf8 19. h6 Kh8 20. Nf3 Rxf3 21.
gxf3 Bf6 22. f4 Qb4 23. a3 Qxf4 24. Qxf4 gxf4 25. Rdg1 Ne5 26. Bb5 Bc6 27. Bxc6
bxc6 28. Re1 Re8 29. Ne2 Ng6 30. f3 Kg8 31. Rhg1 Kf7 32. Rxg6 hxg6 33. Nxf4 g5
34. Nd3 Kg6 35. Nb4 Kxh6 36. Nxc6 Kg6 37. Nxa7 Kf5 38. Nb5 Rd8 39. a4 e5 40.
Nc3 Kf4 41. Rd1 d4 42. Ne4 Be7 43. Nd2 Bb4 44. Nc4 Rh8 45. Ka2 Rh3 46. Kb3 Bc5
47. Nd2 Ke3 48. Ne4 Be7 49. Rd3+ Ke2 50. a5 Bd8 51. Ka4 g4 52. fxg4 Rxd3 53.
cxd3 Kxd3 54. a6 Bb6 55. Kb5 Ba7 56. Nc5+ Ke3 57. g5 e4 58. g6 Bxc5 59. g7 d3
60. g8=Q d2 61. Qg1+ Ke2 62. Kxc5 1-0

[Event "Championnat de Paris"]
[Site "Paris"]
[Date "????.??.??"]
[Round "8.24"]
[White "Spielmann, Alain"]
[Black "Emmenecker, Philippe"]
[Result "1/2-1/2"]
[WhiteElo "2231"]
[BlackElo "2175"]
[PlyCount "74"]

1. Nf3 Nf6 2. c4 g6 3. Nc3 Bg7 4. e4 d6 5. d4 O-O 6. Be2 e5 7. O-O Nc6 8. d5
Ne7 9. b4 Nh5 10. Re1 f5 11. Ng5 Nf6 12. Bf3 c6 13. Bb2 cxd5 14. cxd5 fxe4 15.
Ncxe4 Nxe4 16. Rxe4 Qb6 17. Qe2 Rf5 18. h4 h6 19. Ne6 Bxe6 20. dxe6 d5 21. Re3
d4 22. Rd3 Raf8 23. Rf1 Qb5 24. a4 Qb6 25. b5 Qxe6 26. Rxd4 Rxf3 27. gxf3 Qh3
28. Rg4 Rxf3 29. Qe4 h5 30. Rg5 Rf4 31. Qg2 Qxh4 32. Rc1 Rxf2 33. Qxf2 Qxg5+
34. Qg2 Qe3+ 35. Qf2 Qg5+ 36. Qg2 Qe3+ 37. Qf2 Qg5+ 1/2-1/2

[Event "Championnat de Paris"]
[Site "Paris"]
[Date "????.??.??"]
[Round "8.25"]
[White "Spiridonov, Nikola"]
[Black "Eche, Sylvain"]
[Result "1/2-1/2"]
[WhiteElo "2378"]
[BlackElo "2203"]
[PlyCount "130"]

1. Nf3 c5 2. b3 Nc6 3. Bb2 d6 4. c4 e5 5. d3 Nf6 6. e3 Be7 7. Be2 O-O 8. O-O
Re8 9. a3 Bf8 10. Nbd2 a6 11. Qc2 b6 12. Ng5 h6 13. Nge4 Nh7 14. Bf3 Bd7 15. g3
Rb8 16. Bg2 Qc8 17. Rae1 Bh3 18. Bxh3 Qxh3 19. f4 Qd7 20. f5 Be7 21. Nc3 Nf6
22. Nde4 Nxe4 23. Nxe4 f6 24. Nc3 Bd8 25. g4 Ne7 26. e4 b5 27. Rb1 b4 28. Nd1
bxa3 29. Bxa3 Nc6 30. Bb2 Qb7 31. Ba1 Na5 32. Ne3 Nc6 33. h4 Qf7 34. Rf2 Re7
35. Nd5 Reb7 36. Rg2 a5 37. Qa2 Qd7 38. Qa4 Nb4 39. Qxd7 Rxd7 40. Nxb4 Rxb4 41.
Bc3 Rb8 42. Rgb2 Rdb7 43. Kf2 Kf7 44. Ke3 Ke7 45. Kd2 Kd7 46. Kc2 Kc6 47. Ra1
Ra8 48. Ra4 Rba7 49. Bd2 Kb6 50. Rb1 Kc6 51. Rg1 Kb6 52. g5 hxg5 53. hxg5 fxg5
54. Bxg5 Bxg5 55. Rxg5 Rf8 56. Ra1 Rff7 57. Rag1 Rad7 58. Rg6 Kc6 59. Kb2 Kb6
60. Ka3 Kc6 61. Re6 Rde7 62. Rxe7 Rxe7 63. Rg6 Rf7 64. Re6 Rf6 65. Re8 g6
1/2-1/2

[Event "Championnat de Paris"]
[Site "Paris"]
[Date "????.??.??"]
[Round "8.26"]
[White "Strugnell, Carl"]
[Black "Reinhart, Emmanuel"]
[Result "1/2-1/2"]
[WhiteElo "2216"]
[BlackElo "2266"]
[PlyCount "51"]

1. e4 c5 2. Nf3 e6 3. d4 cxd4 4. Nxd4 a6 5. Bd3 Qc7 6. O-O Nf6 7. Qe2 h5 8. Nc3
Ng4 9. Nf3 Nc6 10. g3 b5 11. b3 Bb7 12. Bb2 Bc5 13. a4 h4 14. Kg2 f5 15. axb5
hxg3 16. hxg3 Nd4 17. Qd2 Nxf3 18. Kxf3 Nh2+ 19. Ke2 Nxf1 20. Rxf1 Bb4 21. exf5
O-O 22. Nd5 Bxd5 23. Qxb4 axb5 24. f6 e5 25. fxg7 Rf7 26. Qxb5 1/2-1/2

[Event "Championnat de Paris"]
[Site "Paris"]
[Date "????.??.??"]
[Round "8.27"]
[White "Bergez, Luc"]
[Black "Do, Huu-Thi"]
[Result "1-0"]
[WhiteElo "2398"]
[BlackElo "2170"]
[PlyCount "67"]

1. e4 Nc6 2. Nf3 e6 3. c4 e5 4. Be2 Bc5 5. O-O d6 6. a3 a5 7. Nc3 h6 8. d3 g5
9. Be3 g4 10. Ne1 Bxe3 11. fxe3 h5 12. d4 Bd7 13. c5 Rh7 14. cxd6 cxd6 15. Nb5
Qb6 16. Nxd6+ Ke7 17. Nc4 Qa7 18. d5 Nd8 19. Qd2 f6 20. b4 a4 21. Rc1 b5 22.
Na5 Qb6 23. Nd3 Rf7 24. Nc5 Be8 25. Qe1 Kf8 26. Qg3 Qd6 27. Nd3 Re7 28. Kh1 Bd7
29. Nc5 Be8 30. Nd3 Bd7 31. Qh4 Rh7 32. Nc5 Nf7 33. Nab7 Qe7 34. Nxd7+ 1-0

[Event "Championnat de Paris"]
[Site "Paris"]
[Date "????.??.??"]
[Round "8.28"]
[White "Toulzac, Pierre-Yves"]
[Black "Sochacki, Christophe"]
[Result "1-0"]
[WhiteElo "2331"]
[BlackElo "2030"]
[PlyCount "81"]

1. d4 d5 2. c4 c6 3. Nc3 Nf6 4. Nf3 e6 5. cxd5 exd5 6. Bg5 Be7 7. e3 Bg4 8. Qc2
Nbd7 9. Bd3 h6 10. Bh4 Nh5 11. Bxe7 Qxe7 12. Nd2 Nf4 13. O-O Nxd3 14. Qxd3 O-O
15. f4 g6 16. h3 Bf5 17. Qe2 Nf6 18. Nf3 b5 19. Ne5 Rac8 20. g4 Be4 21. Rac1
Qe6 22. Qf2 h5 23. f5 gxf5 24. gxf5 Qd6 25. Qf4 b4 26. Na4 Kg7 27. Kf2 Kh7 28.
Rg1 b3 29. axb3 Rc7 30. Nc5 Ng8 31. Ke2 Qh6 32. Ng6 Rfc8 33. Nxe4 dxe4 34. Qe5
f6 35. Qd6 Qg7 36. Nf4 Qf7 37. Ne6 Rd7 38. Qf4 Qe8 39. Rg6 Rd5 40. Rcg1 c5 41.
Rh6+ 1-0

[Event "Championnat de Paris"]
[Site "Paris"]
[Date "????.??.??"]
[Round "8.29"]
[White "Liard, Thibaud"]
[Black "Karim, Ismael"]
[Result "1-0"]
[WhiteElo "2135"]
[BlackElo "2288"]
[PlyCount "61"]

1. d4 e6 2. c4 c5 3. d5 exd5 4. cxd5 d6 5. Nc3 Ne7 6. Nf3 Ng6 7. g3 a6 8. a4
Be7 9. Bg2 O-O 10. O-O Bf6 11. h4 h6 12. Nd2 Re8 13. Nc4 Ne5 14. Ne3 Ng4 15.
Nc4 Bxh4 16. gxh4 Qxh4 17. Bf4 Nf6 18. e3 g5 19. Bxd6 Qxc4 20. a5 Bd7 21. Re1
Ng4 22. Na4 Qb5 23. Nb6 Ra7 24. Qc2 Ne5 25. Qc3 f6 26. Bxc5 Bg4 27. Bf1 Nf3+
28. Kh1 Nxe1 29. Bxb5 Bf3+ 30. Kh2 Re4 31. Ra4 1-0

[Event "Championnat de Paris"]
[Site "Paris"]
[Date "????.??.??"]
[Round "8.30"]
[White "Lamorelle, Julien"]
[Black "Morabbi, Armin"]
[Result "1/2-1/2"]
[WhiteElo "2230"]
[BlackElo "2137"]
[PlyCount "141"]

1. e4 e6 2. d4 d5 3. e5 c5 4. c3 Nc6 5. Nf3 Qb6 6. a3 c4 7. Nbd2 Bd7 8. Be2 Na5
9. O-O Ne7 10. Rb1 Nb3 11. Bxc4 Nxc1 12. Qxc1 Rc8 13. Bd3 Nf5 14. Bxf5 exf5 15.
Re1 Be7 16. Nf1 h6 17. Ne3 Be6 18. Qc2 g6 19. g3 h5 20. h4 Qd8 21. Ng2 g5 22.
Nxg5 Bxg5 23. hxg5 Qxg5 24. Qc1 Qg7 25. Qf4 Kd7 26. Nh4 Qh7 27. Rbc1 Rcg8 28.
c4 Rg4 29. Qd2 Rxh4 30. gxh4 f4 31. Qxf4 Rg8+ 32. Kh2 Rg4 33. Qf6 Rg6 34. Qf3
Rg4 35. Re3 Rxh4+ 36. Kg1 Qg6+ 37. Qg2 Qh6 38. Rd1 Rg4 39. Rg3 Re4 40. Qf3 h4
41. cxd5 Bxd5 42. Qf5+ Kc6 43. Qc8+ Kb6 44. Qc5+ Ka6 45. a4 Qc6 46. Qxc6+ bxc6
47. Rc3 Rg4+ 48. Kh2 Rg2+ 49. Kh3 Rxf2 50. b4 Rf4 51. b5+ cxb5 52. axb5+ Kb7
53. Kh2 Rf2+ 54. Kh3 Rf4 55. Rc5 Be6+ 56. Kh2 Rf2+ 57. Kg1 Rb2 58. d5 Bf5 59.
Rf1 Bg6 60. Rf2 Rb1+ 61. Kh2 Kb6 62. Rc8 Be4 63. Rc6+ Kxb5 64. Kh3 Rh1+ 65. Rh2
Rxh2+ 66. Kxh2 Bxd5 67. Rc1 Be6 68. Rb1+ Kc5 69. Ra1 Kd4 70. Rxa7 Kxe5 71. Rxf7
1/2-1/2

[Event "Championnat de Paris"]
[Site "Paris"]
[Date "????.??.??"]
[Round "9.17"]
[White "Brochet, Philippe"]
[Black "Blazkova, Petra"]
[Result "0-1"]
[WhiteElo "2398"]
[BlackElo "2173"]
[PlyCount "94"]

1. e4 d5 2. exd5 Qxd5 3. Nc3 Qa5 4. Rb1 e5 5. g3 Nf6 6. Bg2 Bg4 7. Nf3 e4 8.
Qe2 Nc6 9. b4 Bxb4 10. Nxe4 O-O-O 11. Nxf6 gxf6 12. O-O Rhe8 13. Qc4 Be6 14.
Qh4 Bd5 15. Qxf6 Qxa2 16. Bb2 Rd6 17. Qf5+ Kb8 18. d3 Re2 19. Qg4 Rg6 20. Qh4
h6 21. Nd4 Be7 22. Qh5 Bxg2 23. Qxe2 Bxf1 24. Nxc6+ Rxc6 25. Qxe7 b6 26. Rxf1
Qxb2 27. c4 Qf6 28. Qe8+ Kb7 29. Qe4 Qg6 30. Qf3 Qf6 31. Qg2 Qd4 32. Qf3 a5 33.
Re1 a4 34. Qd1 Re6 35. Rxe6 fxe6 36. Qxa4 Qxd3 37. h4 e5 38. Qb5 e4 39. Qd5+
Qxd5 40. cxd5 Kc8 41. g4 Kd7 42. g5 hxg5 43. h5 Ke7 44. Kf1 b5 45. Ke2 b4 46.
Ke3 b3 47. Kd2 g4 0-1

[Event "Championnat de Paris"]
[Site "Paris"]
[Date "????.??.??"]
[Round "9.18"]
[White "Rrhioua, Tarik"]
[Black "Rohit, G."]
[Result "0-1"]
[WhiteElo "2329"]
[BlackElo "2401"]
[PlyCount "42"]

1. Nf3 Nf6 2. b3 e6 3. Bb2 b6 4. g3 Bb7 5. Bg2 Be7 6. O-O O-O 7. d3 c5 8. e4 d5
9. e5 Nfd7 10. Nbd2 Nc6 11. Re1 f6 12. Bh3 Ndxe5 13. Bxe6+ Kh8 14. d4 cxd4 15.
Nxd4 Bc5 16. N2f3 Nxf3+ 17. Nxf3 d4 18. Nh4 Ne5 19. Rxe5 fxe5 20. Ng6+ hxg6 21.
Qg4 Rf5 0-1

[Event "Championnat de Paris"]
[Site "Paris"]
[Date "????.??.??"]
[Round "9.19"]
[White "Monroy, Charles"]
[Black "Azadharf, Farrokh"]
[Result "1-0"]
[WhiteElo "2388"]
[BlackElo "2251"]
[PlyCount "33"]

1. e4 c5 2. Nf3 d6 3. c3 Nf6 4. Be2 g6 5. O-O Bg7 6. Bb5+ Nbd7 7. Re1 O-O 8. d4
cxd4 9. cxd4 d5 10. e5 Ne4 11. Nc3 Nxc3 12. bxc3 Qa5 13. Qb3 a6 14. Bd3 b5 15.
Ba3 Re8 16. Qxd5 Qxa3 17. Qxa8 1-0

[Event "Championnat de Paris"]
[Site "Paris"]
[Date "????.??.??"]
[Round "9.20"]
[White "Picard, Romain"]
[Black "Peyrat, Olivier"]
[Result "1/2-1/2"]
[WhiteElo "2357"]
[BlackElo "2251"]
[PlyCount "36"]

1. e4 c6 2. d4 d5 3. e5 c5 4. Nf3 Nc6 5. c4 cxd4 6. Nxd4 e6 7. Nc3 Bb4 8. Nxc6
bxc6 9. Bd3 Ne7 10. O-O Bxc3 11. bxc3 Qa5 12. cxd5 cxd5 13. c4 O-O 14. Bd2 Qd8
15. Bg5 dxc4 16. Bxc4 Qxd1 17. Rfxd1 Ng6 18. Bd3 Bb7 1/2-1/2

[Event "Championnat de Paris"]
[Site "Paris"]
[Date "????.??.??"]
[Round "9.21"]
[White "Emmenecker, Philippe"]
[Black "Manouck, Thierry"]
[Result "0-1"]
[WhiteElo "2175"]
[BlackElo "2337"]
[PlyCount "80"]

1. d4 d6 2. c4 Nf6 3. Nc3 Nbd7 4. Nf3 e5 5. Bg5 Be7 6. e3 c6 7. Qc2 Ng4 8. Bxe7
Qxe7 9. O-O-O O-O 10. h3 Ngf6 11. g4 exd4 12. exd4 Re8 13. Bd3 Nf8 14. Rde1 Qc7
15. Rxe8 Nxe8 16. Ng5 Nf6 17. Re1 Be6 18. Qd2 d5 19. c5 b6 20. cxb6 axb6 21.
Kb1 Qh2 22. Bf5 Bxf5+ 23. gxf5 h6 24. Nf3 Qxh3 25. Ne5 Qxf5+ 26. Ka1 Rc8 27.
Rg1 Ng6 28. a3 c5 29. Nb5 Ne4 30. Nxg6 fxg6 31. Qe3 Rf8 32. f3 Qxf3 33. Qxf3
Rxf3 34. Rxg6 h5 35. Rxb6 h4 36. dxc5 Nxc5 37. Rc6 Nb3+ 38. Ka2 h3 39. Rc2 g5
40. Nc3 g4 0-1

[Event "Championnat de Paris"]
[Site "Paris"]
[Date "????.??.??"]
[Round "9.22"]
[White "Touboulic, Julien"]
[Black "Bergez, Luc"]
[Result "0-1"]
[WhiteElo "2244"]
[BlackElo "2398"]
[PlyCount "52"]

1. e4 d5 2. exd5 Nf6 3. Bb5+ Bd7 4. Be2 Nxd5 5. d4 Bf5 6. Nf3 e6 7. O-O Bd6 8.
c4 Nf4 9. Bxf4 Bxf4 10. Qb3 Nd7 11. Qxb7 Rb8 12. Qxa7 Rxb2 13. Nc3 O-O 14. Rfe1
Rc2 15. Nd1 g5 16. g3 Bc1 17. d5 c5 18. dxc6 Ne5 19. Rxc1 Nxf3+ 20. Bxf3 Rxc1
21. Qe3 Rxc4 22. Nc3 h6 23. Ne4 Bxe4 24. Bxe4 Qa5 25. Re2 Rd8 26. h4 Rc3 0-1

[Event "Championnat de Paris"]
[Site "Paris"]
[Date "????.??.??"]
[Round "9.23"]
[White "Onkoud, Abdelaziz"]
[Black "Colson, Arnaud"]
[Result "1-0"]
[WhiteElo "2427"]
[BlackElo "2211"]
[PlyCount "65"]

1. d4 Nf6 2. c4 g6 3. Nc3 Bg7 4. g3 O-O 5. Bg2 d6 6. Nf3 Nbd7 7. O-O e5 8. e4
a6 9. Re1 exd4 10. Nxd4 Ng4 11. f4 c6 12. h3 Qb6 13. Nce2 Ngf6 14. Qc2 Re8 15.
Be3 Qc7 16. Bf2 Nc5 17. Nc3 Rb8 18. Rad1 Ne6 19. Rd2 h5 20. Nf3 b5 21. Red1 b4
22. Ne2 Nc5 23. Ng5 Qe7 24. Bxc5 dxc5 25. e5 Nh7 26. Nxh7 Kxh7 27. Bxc6 Bf5 28.
Qb3 Rg8 29. Bd7 Rbd8 30. Bxf5 gxf5 31. Qf3 h4 32. Qh5+ Bh6 33. Qxf5+ 1-0

[Event "Championnat de Paris"]
[Site "Paris"]
[Date "????.??.??"]
[Round "9.24"]
[White "Spielmann, Alain"]
[Black "Spiridonov, Nikola"]
[Result "1-0"]
[WhiteElo "2231"]
[BlackElo "2378"]
[PlyCount "41"]

1. Nf3 c5 2. c4 g6 3. e4 Bg7 4. d4 Nc6 5. d5 Nd4 6. Nxd4 cxd4 7. Bd3 e5 8. O-O
Nf6 9. f4 Nh5 10. f5 d6 11. Qf3 O-O 12. g4 Nf4 13. Bxf4 exf4 14. Qxf4 Be5 15.
Qh6 Bg7 16. Qh3 Qg5 17. Kh1 Bd7 18. Qg2 Kh8 19. Nd2 h5 20. gxh5 Qxh5 21. Rf3
1-0

[Event "Championnat de Paris"]
[Site "Paris"]
[Date "????.??.??"]
[Round "9.25"]
[White "Saatdjian, Thomas"]
[Black "Toulzac, Pierre-Yves"]
[Result "0-1"]
[WhiteElo "2202"]
[BlackElo "2331"]
[PlyCount "66"]

1. Nf3 d6 2. d4 Nf6 3. c4 g6 4. Nc3 Bg7 5. e4 O-O 6. Be2 e5 7. d5 Nh5 8. O-O a5
9. a3 Na6 10. b4 f5 11. Nd2 Nf4 12. g3 Nxe2+ 13. Qxe2 f4 14. Re1 Bh3 15. Rb1
axb4 16. axb4 f3 17. Qd3 g5 18. Nd1 g4 19. Ne3 h5 20. Nf5 Bf6 21. Nf1 Bxf1 22.
Qxf1 Bg5 23. Bxg5 Qxg5 24. Re3 Nb8 25. c5 Nd7 26. cxd6 cxd6 27. Rc1 Rxf5 28.
exf5 Qxf5 29. Qb5 h4 30. Qxb7 Rb8 31. Rc8+ Kf7 32. Qxd7+ Qxd7 33. Rxb8 Qa7 0-1

[Event "Championnat de Paris"]
[Site "Paris"]
[Date "????.??.??"]
[Round "9.26"]
[White "Camus De Solliers, Guillaume"]
[Black "Strugnell, Carl"]
[Result "1-0"]
[WhiteElo "2307"]
[BlackElo "2216"]
[PlyCount "75"]

1. d4 d5 2. c4 c6 3. Nc3 Nf6 4. e3 e6 5. Nf3 Nbd7 6. Bd3 dxc4 7. Bxc4 b5 8. Bd3
a6 9. e4 c5 10. e5 cxd4 11. Nxb5 axb5 12. exf6 gxf6 13. O-O Qb6 14. Qe2 b4 15.
Rd1 Bc5 16. Be4 Ba6 17. Qe1 O-O-O 18. a3 f5 19. Bd3 Bxd3 20. Rxd3 e5 21. axb4
Bxb4 22. Bd2 Nc5 23. Qxe5 Nxd3 24. Qxf5+ Kb7 25. Qe4+ Kb8 26. Qxd3 Bxd2 27.
Nxd2 Rhg8 28. Ra3 Kc8 29. Qc4+ Kd7 30. Qxf7+ Kc6 31. Nc4 Qb4 32. Ne5+ Kd6 33.
Nc4+ Kc6 34. Ne5+ Kd6 35. Ra6+ Kxe5 36. Re6+ Kd5 37. Rb6+ Kc5 38. Qc7+ 1-0

[Event "Championnat de Paris"]
[Site "Paris"]
[Date "????.??.??"]
[Round "9.27"]
[White "Reinhart, Emmanuel"]
[Black "Liard, Thibaud"]
[Result "1-0"]
[WhiteElo "2266"]
[BlackElo "2135"]
[PlyCount "43"]

1. e4 c5 2. Nf3 d6 3. d4 cxd4 4. Nxd4 Nf6 5. Nc3 g6 6. f4 Nc6 7. Nxc6 bxc6 8.
e5 Nd7 9. exd6 exd6 10. Be3 Nf6 11. Qd2 Bg7 12. O-O-O d5 13. Bc5 Be6 14. h3 Rb8
15. Qe3 Qa5 16. f5 gxf5 17. g4 fxg4 18. Bd4 O-O 19. hxg4 Rfc8 20. Qg5 Qd8 21.
Bd3 c5 22. Rxh7 1-0

[Event "Championnat de Paris"]
[Site "Paris"]
[Date "????.??.??"]
[Round "9.28"]
[White "Eche, Sylvain"]
[Black "Forthofer, Robert"]
[Result "0-1"]
[WhiteElo "2203"]
[BlackElo "2255"]
[PlyCount "62"]

1. e4 e6 2. d4 d5 3. e5 c5 4. c3 Nc6 5. Nf3 Bd7 6. a3 f6 7. Bd3 fxe5 8. dxe5
Qc7 9. Bf4 c4 10. Bc2 Bc5 11. O-O O-O-O 12. Nbd2 Rf8 13. Bg3 h5 14. b4 Be7 15.
h3 g5 16. Qe2 g4 17. hxg4 hxg4 18. Nd4 Nh6 19. Nb5 Qb6 20. a4 Nf5 21. Bf4 a6
22. a5 Qd8 23. Na3 Bxb4 24. g3 Bxa3 25. Rxa3 Qe7 26. Rfa1 Qh7 27. Be4 dxe4 28.
Qxe4 Qh2+ 29. Kf1 Nxg3+ 30. Bxg3 Qxg3 31. Ke1 Qg1+ 0-1

[Event "Championnat de Paris"]
[Site "Paris"]
[Date "????.??.??"]
[Round "9.29"]
[White "Karim, Ismael"]
[Black "Boukobza, Adrien"]
[Result "1-0"]
[WhiteElo "2288"]
[BlackElo "2192"]
[PlyCount "55"]

1. d4 e6 2. c4 d5 3. Nc3 f5 4. Nf3 Nf6 5. Bf4 c6 6. e3 Bd6 7. Bd3 O-O 8. O-O
Ne4 9. Qc2 Qe7 10. c5 Bc7 11. b4 b6 12. a4 Bxf4 13. exf4 a5 14. Na2 axb4 15.
cxb6 Ba6 16. Ne5 Qb7 17. Nxb4 Bxd3 18. Qxd3 c5 19. dxc5 Nxc5 20. Qb5 Nb3 21. a5
Nxa1 22. Rxa1 Rc8 23. h4 Na6 24. Nxa6 Rxa6 25. Qd7 Rb8 26. Qxe6+ Kh8 27. Nf7+
Kg8 28. Nd6+ 1-0

[Event "Championnat de Paris"]
[Site "Paris"]
[Date "????.??.??"]
[Round "9.30"]
[White "Sochacki, Christophe"]
[Black "Lamorelle, Julien"]
[Result "1-0"]
[WhiteElo "2030"]
[BlackElo "2230"]
[PlyCount "73"]

1. e4 c5 2. Nf3 d6 3. d4 cxd4 4. Nxd4 Nf6 5. f3 a6 6. c4 g6 7. Nc3 Bg7 8. Be3
O-O 9. Be2 Nc6 10. Qd2 Nxd4 11. Bxd4 Be6 12. Rc1 Rc8 13. b3 Nd7 14. Bxg7 Kxg7
15. O-O Qa5 16. Bd3 f6 17. f4 b5 18. cxb5 axb5 19. Rf3 Bg8 20. Bb1 Rc7 21. Qb2
Rfc8 22. Kh1 Qb4 23. h3 Nb6 24. Rc2 e5 25. fxe5 dxe5 26. Kh2 Nd7 27. Rg3 Nc5
28. Rd2 Nxb3 29. Rdd3 Bc4 30. Rde3 Rd7 31. axb3 Rcd8 32. Na2 Rd2 33. Qc1 Qc5
34. bxc4 Rd1 35. Qa3 Qxa3 36. Rxa3 Rxb1 37. Nc3 1-0

[Event "Championnat de Paris"]
[Site "Paris"]
[Date "????.??.??"]
[Round "9.31"]
[White "Morabbi, Armin"]
[Black "Do, Huu-Thi"]
[Result "0-1"]
[WhiteElo "2137"]
[BlackElo "2170"]
[PlyCount "77"]

1. e4 Nc6 2. Nf3 e6 3. d4 d5 4. e5 b6 5. c3 a5 6. Qa4 Bd7 7. Qc2 a4 8. Bd3 h6
9. Nbd2 Nge7 10. Nf1 Ra7 11. Ne3 Qa8 12. g4 h5 13. Bd2 Nd8 14. Ng5 hxg4 15. Nh7
c5 16. Nxg4 Ndc6 17. Nxf8 Kxf8 18. Be3 cxd4 19. cxd4 Nb4 20. Qd2 Nxd3+ 21. Qxd3
a3 22. b3 Rh4 23. h3 Nf5 24. Bg5 Rh5 25. h4 Rc7 26. Ne3 Qa5+ 27. Kd1 Bb5 28. b4
Qa6 29. Qd2 Qa4+ 30. Ke1 Nxe3 31. Qxe3 Rxg5 32. hxg5 Qxb4+ 33. Qd2 Qb2 34. Qxb2
axb2 35. Rb1 Rc2 36. Kd1 Rxf2 37. Rh3 Rg2 38. Ra3 Kg8 39. Rf3 0-1

[Event "AChIP06"]
[Site "Paris"]
[Date "????.??.??"]
[Round "1.1"]
[White "Gervasio, Ricardo"]
[Black "Mahe, Frederic"]
[Result "1-0"]
[WhiteElo "2293"]
[BlackElo "1992"]
[PlyCount "81"]

1. d4 e6 2. Nf3 Nf6 3. Bf4 b6 4. e3 Bb7 5. Nbd2 Be7 6. Bd3 d5 7. a4 c5 8. Bxb8
Rxb8 9. Bb5+ Kf8 10. Be2 Ne4 11. O-O Nxd2 12. Qxd2 Bd6 13. Rfd1 cxd4 14. exd4
Rc8 15. Bd3 a5 16. Qe2 Rc7 17. Rf1 g6 18. h4 Qf6 19. g3 h6 20. Qe3 g5 21. h5 g4
22. Nh2 Qg5 23. Qxg5 hxg5 24. Nxg4 f5 25. Nh2 g4 26. Rfe1 Bc8 27. Kg2 Rch7 28.
Nf1 Rxh5 29. c3 Rh1 30. Bb5 Kf7 31. Rac1 Bb7 32. f4 gxf3+ 33. Kxf3 e5 34. dxe5
d4+ 35. Kf4 Bf8 36. cxd4 Kg6 37. Be8+ Kh6 38. Bc6 Bxc6 39. Rxc6+ Kh5 40. Kxf5
Bb4 41. Rd1 1-0

[Event "AChIP06"]
[Site "Paris"]
[Date "????.??.??"]
[Round "1.2"]
[White "Chitrit, Norbert"]
[Black "Debray, Christopher"]
[Result "0-1"]
[WhiteElo "1991"]
[BlackElo "2284"]
[PlyCount "98"]

1. e4 c5 2. Nf3 d6 3. d4 cxd4 4. Nxd4 Nf6 5. Nc3 a6 6. f4 e6 7. g4 Be7 8. g5
Nfd7 9. h4 b5 10. Qf3 Bb7 11. Bd3 Nc6 12. Be3 Nxd4 13. Bxd4 b4 14. Ne2 e5 15.
Be3 exf4 16. Qxf4 O-O 17. Nd4 Re8 18. O-O Ne5 19. h5 Bf8 20. Nf5 Qc8 21. Bd4
Qe6 22. Rf2 g6 23. Nh6+ Bxh6 24. gxh6 Qg4+ 25. Kf1 Qxf4 26. Rxf4 gxh5 27. Rf5
Re6 28. Rxh5 Ng6 29. Re1 Rae8 30. Ra5 Ne5 31. Rxe5 dxe5 32. Be3 Rg6 33. Re2 Rg4
34. Bd2 Re6 35. Bxb4 Rxh6 36. Ke1 Rhh4 37. Bc3 f6 38. Bc4+ Kg7 39. Bd5 Bxd5 40.
exd5 Re4 41. d6 Kf7 42. a3 Ke6 43. Bb4 h5 44. Kd2 Rxe2+ 45. Kxe2 f5 46. b3 Rh2+
47. Kd3 e4+ 48. Ke3 Rxc2 49. Kf4 h4 0-1

[Event "AChIP06"]
[Site "Paris"]
[Date "????.??.??"]
[Round "1.3"]
[White "Cotonnec, Melkior"]
[Black "Casalan, Francois"]
[Result "1-0"]
[WhiteElo "2276"]
[BlackElo "1989"]
[PlyCount "67"]

1. e4 c5 2. Nf3 d6 3. d4 cxd4 4. Nxd4 Nf6 5. Nc3 a6 6. Bg5 b5 7. Bxf6 gxf6 8.
Qh5 e5 9. Nf5 Bxf5 10. Qxf5 Nc6 11. O-O-O Nd4 12. Qh5 Rc8 13. Kb1 Be7 14. Bd3
Qa5 15. Nd5 Ne6 16. Rhf1 Nc7 17. Qf5 Ne6 18. Nxf6+ Bxf6 19. Qxf6 Rg8 20. g3 Rg7
21. f4 Qd8 22. Qh6 Kf8 23. fxe5 Kg8 24. exd6 Qxd6 25. Rf5 Rg6 26. Qh3 Rd8 27.
Rd5 Qe7 28. Qf1 Re8 29. e5 Rg7 30. Qf6 Qb7 31. Bf5 Qc7 32. Rd7 Qc4 33. Bxe6
Qxe6 34. Rd8 1-0

[Event "AChIP06"]
[Site "Paris"]
[Date "????.??.??"]
[Round "1.4"]
[White "Lemoine, Thomas"]
[Black "Peric, Slavisa"]
[Result "0-1"]
[WhiteElo "1987"]
[BlackElo "2274"]
[PlyCount "94"]

1. d4 d5 2. c4 c6 3. Nf3 Nf6 4. Nc3 a6 5. Qb3 e6 6. e3 Nbd7 7. Bd3 dxc4 8. Bxc4
b5 9. Bd3 c5 10. Be2 Bb7 11. O-O Qc7 12. Bd2 Ng4 13. h3 Bxf3 14. hxg4 Bb7 15.
Rac1 Rc8 16. a3 Qd8 17. Qd1 Bd6 18. f4 cxd4 19. exd4 Nb6 20. Bf3 Bxf3 21. Qxf3
Nc4 22. Rc2 Be7 23. Be3 Bf6 24. Rd1 O-O 25. Bf2 Be7 26. Re2 Bd6 27. Bg3 Qb6 28.
Kh1 Qb8 29. Ne4 Bc7 30. Nc5 Qa7 31. Bh4 Bd8 32. Bf2 Bb6 33. b4 Rcd8 34. Ra2 Rd5
35. Re1 Bxc5 36. dxc5 Qd7 37. Qc3 Rd3 38. Qa1 Qd5 39. a4 h5 40. gxh5 Rd8 41.
Rae2 Qxh5+ 42. Kg1 Qg4 43. axb5 axb5 44. Qa6 Nd2 45. Rxd2 Rxd2 46. g3 Qf3 47.
Rf1 Rxf2 0-1

[Event "AChIP06"]
[Site "Paris"]
[Date "????.??.??"]
[Round "1.5"]
[White "Nemirovski, Serge"]
[Black "Jean-Theodore, Stephane"]
[Result "1-0"]
[WhiteElo "2268"]
[BlackElo "1986"]
[PlyCount "55"]

1. d4 Nf6 2. Nf3 g6 3. Bf4 Bg7 4. e3 d5 5. Be2 O-O 6. O-O Nh5 7. Bg5 h6 8. Bh4
g5 9. Nfd2 Nf6 10. Bg3 Ne4 11. Nxe4 dxe4 12. Nd2 c5 13. c3 cxd4 14. cxd4 Bf5
15. Qb3 Qa5 16. Rfd1 b6 17. f3 Bd7 18. Nc4 Qa6 19. Qc2 exf3 20. Bxf3 Bc6 21. d5
Bb7 22. Ne5 Bxe5 23. Bxe5 Nd7 24. Bc3 Qc4 25. Qf5 Nc5 26. Rd4 Qb5 27. Rh4 f6
28. Qg6+ 1-0

[Event "AChIP06"]
[Site "Paris"]
[Date "????.??.??"]
[Round "1.6"]
[White "Baudon, Sebastien"]
[Black "Kukov, Velislav"]
[Result "0-1"]
[WhiteElo "1984"]
[BlackElo "2258"]
[PlyCount "72"]

1. f4 Nf6 2. Nf3 d5 3. b3 g6 4. Bb2 Bg7 5. e3 O-O 6. c4 c6 7. Be2 Nbd7 8. O-O
Re8 9. Kh1 a6 10. Qe1 b5 11. Nc3 Ne4 12. d3 Nxc3 13. Bxc3 e5 14. cxd5 cxd5 15.
Ba5 Qf6 16. fxe5 Nxe5 17. Rc1 Ra7 18. Rc5 Ng4 19. Nd4 Qd6 20. Bxg4 Qxc5 21. Bb4
Qc7 22. Ba5 Qb7 23. Bxc8 Qxc8 24. Bc3 Rc7 25. Bb2 Rce7 26. Qf2 Qd7 27. Re1 f5
28. g3 a5 29. Kg1 b4 30. Qd2 g5 31. Rf1 Rxe3 32. Nxf5 Re2 33. Qxg5 Rxb2 34.
Nh6+ Kh8 35. Nf7+ Qxf7 36. Rxf7 Re1+ 0-1